| 000 | 00346nam a2200145Ia 4500 | ||
|---|---|---|---|
| 008 | 191201s2009 xx 000 0 und d | ||
| 082 |
_a331.1 _bSII |
||
| 100 | _aSINHA,P.R.N | ||
| 245 | 0 | _aIndustrial Relations trade unions… | |
| 250 | _alast IMP | ||
| 260 |
_aN. delhi _bpearson _c2009 |
||
| 300 | _a632 | ||
| 650 | _aMBA | ||
| 942 |
_2ddc _cBK _01 |
||
| 999 |
_c4674 _d4674 |
||